000 00780nam a2200229 u 4500
005 20240706063659.0
008 160901s2014 cu r 000 0 spa d
020 _a9789591327727
035 _aUPN01000212746
049 _aCG
050 4 _aLC4035 C9
_bA2.7
245 0 0 _aActualidad de la atención educativa a los niños y adolescentes con necesidades educativas especiales /
_cSonia Guerra Iglesias ... [et al.].
260 _aLa Habana, Cuba :
_bPueblo y Educación,
_c2014.
300 _a471 p. :
_bcuadros
650 4 _aEDUCACION ESPECIAL -
_zCUBA
_910635
650 4 _aNiños con discapacidad
_xEducación
_91549
650 7 _aEstrategias educativas
_2
_91510
700 1 _aGuerra Iglesias, Sonia,
_ecoaut.
905 _aLibro
999 _c184846
_d184846